A geography of Pakistan, (Record no. 549465)

000 -LEADER
fixed length control field 00566nam a2200169 4500
082 ## - DEWEY DECIMAL CLASSIFICATION NUMBER
Classification number 915.491
Author Mark AHM
-- L-27, P-99
100 1# - MAIN ENTRY--PERSONAL NAME
Personal name Ahmad, Kazi Said Uddin,
9 (RLIN) 46121
245 12 - TITLE STATEMENT
Title A geography of Pakistan,
Statement of responsibility, etc. by Kazi S. Ahmad. Revised by K. U. Kureshy.
250 ## - EDITION STATEMENT
Edition statement 3d ed.
260 ## - PUBLICATION, DISTRIBUTION, ETC.
Place of publication, distribution, etc. Karachi,
Name of publisher, distributor, etc. Oxford University Press, Pakistan Branch,
Date of publication, distribution, etc. 1972.
300 ## - PHYSICAL DESCRIPTION
Extent vi, 262 p.
Other physical details illus., maps.
Dimensions 19 cm.
526 ## - STUDY PROGRAM INFORMATION NOTE
Program name 0
Interest level 0
Reading level 0
Title point value 915_491000000000000_AHM
526 ## - STUDY PROGRAM INFORMATION NOTE
Program name 0
Interest level 0
Reading level 0
Title point value 915_491000000000000_AHM
650 ## - SUBJECT ADDED ENTRY--TOPICAL TERM
Topical term or geographic name entry element NUST
9 (RLIN) 6342
700 1# - ADDED ENTRY--PERSONAL NAME
Personal name Kureshy, K. U.
9 (RLIN) 46122
942 ## - ADDED ENTRY ELEMENTS (KOHA)
Source of classification or shelving scheme
Koha item type Book
Holdings
Withdrawn status Lost status Source of classification or shelving scheme Damaged status Not for loan Permanent Location Current Location Date acquired Total Checkouts Full call number Barcode Date last seen Date last checked out Price effective from Koha item type
          Military College of Engineering (MCE) Military College of Engineering (MCE) 09/25/2014 2 915.491 AHM MCE-5161 03/09/2020 03/09/2020 09/25/2014 Book
          Military College of Engineering (MCE) Military College of Engineering (MCE) 09/25/2014   915.491 AHM MCE-3885A 09/25/2014   09/25/2014 Book
© 2023 Central Library, National University of Sciences and Technology. All Rights Reserved.